=LDR 00000nam 2200000 4500 =001 INLIS000000000810591 =005 20260616090227 =035 ##$$a 0010-0626000028 =007 ta =008 260616################g##########0#ara## =020 ##$$a 978977646423 =082 ##$$a 297.124 =084 ##$$a 297.124 AB a =100 #$$a Abu Bakar Muhammad bin Abdillah bin al-Arabi al-Ma'afiri =245 1#$$a Al Qobas : $b Fii Syarh Muwawatho' Imam Malik =250 ##$$a Cet. 1 =260 ##$$a Kairo :$b Syirkah al-Quds =300 ##$$a 803 hlm. : $b ilustrasi ; $c 24 cm =520 ##$$a Hadist Fiqh